000 00642nam a2200241Ia 4500
003 OSt
005 20220918220537.0
006 a|||||r|||| 00| 0
007 ta
008 220917b |||||||| |||| 00| 0 eng d
024 _a146,352
037 _cTextual
040 _aARTS
_cARTS
_beng
041 _2eng
_aeng
082 _aY9(X8(A)), M7
100 _aRothman Robert A
_9137743
245 0 _aWorking sociological perspectives
260 _aNew Jersey
_bPrentice Hall
_c1987
300 _aviii, 376p.
_ccm.
650 _aSOCIOLOGY
942 _hY9(X8(A)), M7
_cTEXL
_2CC
999 _c269108
_d269108